000 00725nam a2200205 i 4500
001 62895
003 ES-MaACL
005 20250815020641.0
007 t|
008 031126s1967 sp ||||1| spa d
100 0 _aFernández Moreno, César,
_d1919-1985
_949941
245 1 3 _aLa realidad y los papeles
_b: panorama y muestra de la poesía argentina contemporánea /
_cCésar Fernández-Moreno.
260 _a[Madrid] :
_bAguilar,
_c[1967]
300 _aXX, 633 p. ;
_c22 cm.
490 1 _aBiblioteca cultura e historia
650 4 _aPoesía argentina-
_xHistoria y crítica.
_9141197
830 0 0 _aBiblioteca cultura e historia
_9183279
852 _aES-MaACL
_jC-32061
_bR.62445
999 _c62895
_d62895